00981njm a2200253Ia 450000100060000000300090000600500170001500800410003204000130007304000130008610000150009910000180011410000380013224500190017025000110018926000090020026000630020930000170027250000620028950502260035151100340057765000570061170000590066820833IT-RoPAU20220918181132.0131025s9999 xx 000 0 und d aIT-RoPAU cIT-RoPAU aLast James eAutore musica gCodice autore musica SPICS: 10976 aJames Last (2) a1a ed. aROMA bSPICS RECORDSc1982 [1a Ed.:1982 - Ed. Lingua Orig.: 1982] aMUSICASSETTA aMusica leggera. Arrangiamento di brani di musica classica aTheme From Elvira Madigan - Presto - Romance - Impromptu N.2 - Andante (Beethoven) - Impromptu N.3 (Schubert) - Adagio (Beethoven) - Slavonic Dance N.10 - Andante (Mendelssohn) - Prelude (Bach) - Air (Bach) - Ballet Music aLast James e la sua orchestra aARRANGIAMENTO [CASSETTE]eCodice MATERIA SPICS: 9951 aLast JamesgCodice interprete SPICS: 10976eInterprete